FAO aquaculture newsletter; 1992; N1

Guardat en:
Dades bibliogràfiques
Autor principal: FAO
Format: Llibre
Idioma:Undetermined
Publicat: Rome FAO 199
Matèries:
Etiquetes: Afegir etiqueta
Sense etiquetes, Sigues el primer a etiquetar aquest registre!
Thư viện lưu trữ: Trung tâm Học liệu Trường Đại học Cần Thơ
LEADER 00468nam a2200181Ia 4500
001 CTU_29130
008 210402s9999 xx 000 0 und d
082 |a 639.2 
082 |b F218/N1/1992 
100 |a FAO 
245 0 |a FAO aquaculture newsletter; 1992; N1 
245 0 |c FAO 
260 |a Rome 
260 |b FAO 
260 |c 199 
650 |a aquaculture 
904 |i Nguyễn Quang Điền, 990311 
980 |a Trung tâm Học liệu Trường Đại học Cần Thơ